[Event "Najdorf Mem Open A 2016"]
[Site "Warsaw POL"]
[Date "2016.07.14"]
[Round "7.24"]
[White "Svane, Rasmus"]
[Black "Deszczynski, Adam"]
[Result "1-0"]
[WhiteTitle "IM"]
[WhiteElo "2549"]
[BlackElo "2366"]
[WhiteFideId "4657101"]
[BlackFideId "1102753"]
[EventDate "2016.07.08"]

1. d4 Nf6 2. c4 g6 3. Nc3 Bg7 4. e4 d6 5. Nf3 O-O 6. Be2 e5 7. Be3 c6 8. O-O Na6
9. Qd2 Qe7 10. Rfe1 exd4 11. Bxd4 Nc5 12. Bf1 Nfxe4 13. Qc2 f5 14. b4 Bxd4 15.
Nxd4 Ne6 16. Nxe6 Bxe6 17. Nxe4 fxe4 18. Qxe4 Rae8 19. Rad1 Qf7 20. Qd4 d5 21.
Qxa7 dxc4 22. Qc5 Bd5 23. a4 Rxe1 24. Rxe1 Qf4 25. b5 c3 26. a5 Qa4 27. Qxc3
cxb5 28. Re7 Rf7 29. Re8+ Rf8 30. Rxf8+ 1-0

[Event "Najdorf Mem Open A 2016"]
[Site "Warsaw POL"]
[Date "2016.07.14"]
[Round "7.25"]
[White "Bilguun, Sumiya"]
[Black "Golubov, Saveliy"]
[Result "1-0"]
[WhiteTitle "FM"]
[BlackTitle "IM"]
[WhiteElo "2419"]
[BlackElo "2497"]
[WhiteFideId "4901541"]
[BlackFideId "24176729"]
[EventDate "2016.07.08"]

1. e4 c5 2. Nf3 e6 3. d4 cxd4 4. Nxd4 a6 5. Nc3 b5 6. Bd3 Bb7 7. O-O d6 8. Qe2
Nf6 9. Kh1 Nbd7 10. f4 Qc7 11. Bd2 Be7 12. Rae1 h5 13. e5 dxe5 14. fxe5 Ng4 15.
Bf4 Qb6 16. Be4 Bxe4 17. Qxe4 Rc8 18. h3 g5 19. Bg3 Nh6 20. Nce2 Nc5 21. Qe3 Qb7
22. Nc3 h4 23. Bh2 g4 24. hxg4 h3 25. Qxh3 b4 26. Nd1 Qd5 27. Nf3 Kd7 28. Ne3
Qxa2 29. g5 Nf5 30. Qg4 Nxe3 31. Rxe3 Qxb2 32. Qc4 Rc7 33. g6 fxg6 34. Nd2 Rh4
35. g4 Bg5 36. Rf7+ Ke8 37. Rxc7 Bxe3 38. Nf3 Qc1+ 39. Kg2 Rh8 40. Rc8+ 1-0

[Event "Najdorf Mem Open A 2016"]
[Site "Warsaw POL"]
[Date "2016.07.14"]
[Round "7.26"]
[White "Baskin, Robert"]
[Black "Nakar, Eylon"]
[Result "1/2-1/2"]
[WhiteTitle "FM"]
[BlackTitle "IM"]
[WhiteElo "2375"]
[BlackElo "2494"]
[WhiteFideId "24662402"]
[BlackFideId "2811111"]
[EventDate "2016.07.08"]

1. e4 c6 2. d4 d5 3. e5 Bf5 4. h4 h6 5. h5 e6 6. g4 Bh7 7. Bd3 Bxd3 8. Qxd3 c5
9. Nf3 cxd4 10. a3 Ne7 11. b4 Nd7 12. O-O Nc6 13. Re1 Rc8 14. Bb2 Bxb4 15. axb4
Nxb4 16. Qd2 Nxc2 17. Rxa7 Nxe1 18. Qxe1 O-O 19. Bxd4 Nc5 20. Nbd2 Qb6 21. Ra1
Qc6 22. Rc1 Nd3 23. Rxc6 Nxe1 24. Rb6 Nxf3+ 25. Nxf3 Rc7 26. Be3 Ra8 27. Nd4 Ra4
28. Kg2 Rcc4 29. Rxb7 Rxd4 30. Rb8+ Kh7 31. Bxd4 Rxd4 32. f3 g5 33. hxg6+ Kxg6
34. Rg8+ Kh7 35. Rd8 Kg6 36. Rg8+ Kh7 37. Rd8 h5 38. gxh5 Rh4 39. Kg3 Rxh5 40.
f4 Kg6 41. Rg8+ Kh7 42. Rg4 Kh6 43. Rg8 Kh7 44. Rg4 Rh1 45. Kf2 Rh3 46. Kg2 Rh6
47. Kf3 Rg6 48. Rh4+ Kg7 49. Rh1 Rh6 50. Rg1+ Kf8 51. Ra1 Rh3+ 52. Ke2 f6 53.
exf6 Kf7 54. f5 exf5 55. Ra6 d4 56. Rd6 Re3+ 57. Kf2 Re4 58. Kf3 Kg6 59. Kf2
Rf4+ 60. Kg3 Rg4+ 61. Kf3 Rh4 62. Kg3 Re4 63. Kf2 Kf7 64. Kf3 Re6 65. Rxd4 Kxf6
66. Rd3 Ra6 67. Kf2 Ra4 68. Rb3 Rh4 69. Ra3 Kg5 70. Rb3 Rh2+ 71. Kg1 Ra2 72. Kf1
Kg4 73. Rc3 f4 74. Rb3 f3 75. Rb8 Kg3 1/2-1/2

[Event "Najdorf Mem Open A 2016"]
[Site "Warsaw POL"]
[Date "2016.07.14"]
[Round "7.27"]
[White "Aryan, Chopra"]
[Black "Bartel, Michal"]
[Result "1/2-1/2"]
[WhiteTitle "IM"]
[BlackTitle "FM"]
[WhiteElo "2483"]
[BlackElo "2341"]
[WhiteFideId "5084423"]
[BlackFideId "1119257"]
[EventDate "2016.07.08"]

1. e4 e5 2. Nf3 Nc6 3. Bb5 a6 4. Ba4 Nf6 5. O-O Be7 6. Re1 b5 7. Bb3 d6 8. c3
O-O 9. h3 Na5 10. Bc2 c5 11. d4 Qc7 12. Nbd2 Bd7 13. Nf1 Nc4 14. b3 Nb6 15. Ne3
c4 16. bxc4 Nxc4 17. Nxc4 bxc4 18. Ba3 Rfe8 19. Qd2 Bc6 20. d5 Bb5 21. Bd1 Nd7
22. Be2 h6 23. Qc2 Rf8 24. Nd2 Bg5 25. Nf3 Be7 26. Rab1 Rab8 27. Nd2 Bg5 28. Rb4
Bxd2 29. Qxd2 Nc5 30. Bxc4 Qa5 31. Bxb5 Qxa3 32. Bc6 a5 33. Rb5 Rxb5 34. Bxb5
Rb8 35. c4 Qb4 36. Qe2 a4 37. Rc1 Nxe4 38. Qxe4 Rxb5 39. Qc2 Rb8 40. c5 dxc5 41.
Qxc5 Qxc5 42. Rxc5 Kf8 43. Ra5 Rb1+ 44. Kh2 Rd1 45. Rxa4 Rxd5 46. Ra7 g6 47. a4
Rd2 48. f3 Kg7 49. a5 Ra2 50. Kg1 h5 51. h4 Ra4 52. g3 Ra2 53. a6 Kf6 54. Kf1
Ra1+ 55. Ke2 Ra2+ 56. Ke3 Ra3+ 57. Ke2 Ra2+ 58. Ke3 Ra3+ 59. Ke4 1/2-1/2

[Event "Najdorf Mem Open A 2016"]
[Site "Warsaw POL"]
[Date "2016.07.14"]
[Round "7.28"]
[White "Meskovs, Nikita"]
[Black "Martin, Julian"]
[Result "1-0"]
[WhiteTitle "IM"]
[WhiteElo "2469"]
[BlackElo "2280"]
[WhiteFideId "11602740"]
[BlackFideId "12941000"]
[EventDate "2016.07.08"]

1. c4 Nf6 2. Nc3 e5 3. Nf3 Nc6 4. g3 Bb4 5. Bg2 O-O 6. O-O e4 7. Ng5 Bxc3 8.
bxc3 Re8 9. f3 e3 10. dxe3 h6 11. Nh3 d5 12. Nf4 dxc4 13. e4 Be6 14. Be3 Qe7 15.
Rb1 Rab8 16. Qa4 a6 17. Rb2 Ne5 18. Nxe6 Qxe6 19. Rd1 b5 20. Qa5 Qc8 21. Qa3 Qb7
22. h3 Nc6 23. Bf2 Rbd8 24. Rxd8 Nxd8 25. Qc5 Ne6 26. Qxc4 Qc8 27. Qc6 Nd8 28.
Qc5 Nb7 29. Qa7 Nd6 30. Rb1 Nc4 31. Rd1 Nd7 32. f4 Ndb6 33. e5 Na4 34. Be1 Nab6
35. Qb7 Ne3 36. Qxc8 Rxc8 37. Rd3 Nxg2 38. Kxg2 Kf8 39. Kf3 Ke8 40. g4 Rd8 41.
Rxd8+ Kxd8 42. f5 Ke7 43. Ke4 Kd7 44. h4 Ke7 45. h5 Nd7 46. Bh4+ f6 47. exf6+
gxf6 48. Bg3 c5 49. Kd5 b4 50. cxb4 cxb4 51. Bd6+ Kf7 52. Kc4 Nb6+ 53. Kc5 Nc8
54. Bf4 a5 55. Kb5 Ne7 56. e4 a4 57. Kxa4 Nc6 58. Kb5 1-0

[Event "Najdorf Mem Open A 2016"]
[Site "Warsaw POL"]
[Date "2016.07.14"]
[Round "7.29"]
[White "Nebolsina, Vera"]
[Black "Socko, Monika"]
[Result "0-1"]
[WhiteTitle "WGM"]
[BlackTitle "GM"]
[WhiteElo "2226"]
[BlackElo "2462"]
[WhiteFideId "4163591"]
[BlackFideId "1106619"]
[EventDate "2016.07.08"]

1. Nf3 Nf6 2. g3 g6 3. Bg2 Bg7 4. O-O O-O 5. d4 d6 6. a4 a5 7. b3 Nc6 8. Bb2 Bf5
9. h3 Re8 10. Nfd2 e5 11. e4 Bd7 12. d5 Nb4 13. Nc4 b6 14. Nbd2 Rf8 15. Ne3 Ne8
16. Qe2 Na6 17. Nec4 Nc5 18. f4 exf4 19. Bxg7 Nxg7 20. gxf4 Qh4 21. Qf2 Qxf2+
22. Rxf2 f6 23. h4 Nh5 24. Kh2 h6 25. Rg1 Rae8 26. Bf1 Nxe4 27. Nxe4 Rxe4 28.
Rxg6+ Kh7 29. Bd3 Kxg6 30. Bxe4+ f5 31. Bg2 Re8 32. Kg1 Re1+ 33. Kh2 Be8 34. Nb2
Nf6 35. Bf3 Bf7 36. Rg2+ Kh7 37. Rd2 Ne4 38. Bxe4 fxe4 39. Kg3 e3 40. Rd4 Rc1
41. Re4 Rxc2 42. Nc4 e2 43. Kf2 Bh5 44. Re7+ Kg8 0-1

[Event "Najdorf Mem Open A 2016"]
[Site "Warsaw POL"]
[Date "2016.07.14"]
[Round "7.30"]
[White "Bednarek, Sylwester"]
[Black "Feuerstack, Aljoscha"]
[Result "1/2-1/2"]
[WhiteTitle "FM"]
[BlackTitle "IM"]
[WhiteElo "2340"]
[BlackElo "2454"]
[WhiteFideId "1101811"]
[BlackFideId "4681932"]
[EventDate "2016.07.08"]

1. d4 d5 2. Nf3 Nf6 3. g3 Bg4 4. Ne5 Bf5 5. Bg2 e6 6. O-O Be7 7. b3 O-O 8. Bb2
Nbd7 9. Nd2 Nxe5 10. dxe5 Ne4 11. Nxe4 dxe4 12. e3 c6 13. c4 Qxd1 14. Rfxd1 Rfd8
15. h3 Kf8 16. Kf1 a5 17. Ke2 a4 18. Rxd8+ Rxd8 19. Rd1 Ra8 20. Kd2 axb3 21.
axb3 Ra2 22. Kc1 Ke8 23. Kb1 Ra8 24. Bc3 Rd8 25. Rxd8+ Kxd8 26. b4 b6 27. Kc2
Kd7 28. Kb3 Bg6 29. Bd4 c5 30. Bc3 f5 31. exf6 gxf6 32. bxc5 bxc5 33. Ka4 Kc6
34. g4 f5 35. Be5 Bh4 36. f3 Bf2 37. fxe4 fxg4 38. hxg4 1/2-1/2

[Event "Najdorf Mem Open A 2016"]
[Site "Warsaw POL"]
[Date "2016.07.14"]
[Round "7.32"]
[White "Romanishin, Oleg M"]
[Black "Polok, Kacper"]
[Result "1-0"]
[WhiteTitle "GM"]
[BlackTitle "FM"]
[WhiteElo "2433"]
[BlackElo "2292"]
[WhiteFideId "14100088"]
[BlackFideId "1137158"]
[EventDate "2016.07.08"]

1. d4 Nf6 2. Nf3 b5 3. Bg5 Bb7 4. Nbd2 d5 5. e3 a6 6. a4 b4 7. c4 bxc3 8. bxc3
c5 9. Rb1 Bc6 10. Ne5 h6 11. Bh4 Nfd7 12. Rxb8 Qxb8 13. Nxc6 Qc7 14. Ne5 Nxe5
15. dxe5 Qxe5 16. Qb3 Rb8 17. Qc2 Rb6 18. a5 Rc6 19. Qa4 Kd7 20. Bxa6 Qxc3 21.
Bb7 1-0

[Event "Najdorf Mem Open A 2016"]
[Site "Warsaw POL"]
[Date "2016.07.14"]
[Round "7.33"]
[White "Skliarov, Viktor"]
[Black "Niekras, Dawid"]
[Result "1/2-1/2"]
[WhiteTitle "FM"]
[WhiteElo "2429"]
[BlackElo "2255"]
[WhiteFideId "14106736"]
[BlackFideId "1160451"]
[EventDate "2016.07.08"]

1. e4 c5 2. Nf3 d6 3. d4 cxd4 4. Qxd4 a6 5. Be3 Nc6 6. Qd2 Nf6 7. Nc3 e6 8.
O-O-O Be7 9. Bf4 Ng4 10. h3 Nge5 11. Nxe5 Nxe5 12. h4 h6 13. Nb5 axb5 14. Bxe5
Bd7 15. Bxd6 Rxa2 16. Kb1 Ra8 17. Bxe7 Qxe7 18. Rh3 Bc6 19. Rg3 Qxh4 20. Qd4 Rd8
21. Qxd8+ Qxd8 22. Rxd8+ Kxd8 23. Rxg7 Ke7 24. Bd3 h5 25. Kc1 h4 26. Kd2 Kf6 27.
Rg4 e5 28. f4 exf4 29. Rxf4+ Ke7 30. Ke3 h3 31. gxh3 Rxh3+ 32. Kd4 f6 33. Kc5
Rh2 34. b4 Rd2 35. Rf5 Rh2 36. Kb6 Rh4 37. Rc5 Kd6 38. Bxb5 Bxe4 39. c4 Rh7 40.
Rc8 f5 41. Re8 Re7 42. c5+ Ke6 43. Bc4+ Kf6 44. Rf8+ Ke5 45. Rf7 1/2-1/2

[Event "Najdorf Mem Open A 2016"]
[Site "Warsaw POL"]
[Date "2016.07.14"]
[Round "7.34"]
[White "Johansson, Linus"]
[Black "Kenneskog, Theodor"]
[Result "1/2-1/2"]
[WhiteTitle "IM"]
[BlackTitle "FM"]
[WhiteElo "2425"]
[BlackElo "2249"]
[WhiteFideId "1711113"]
[BlackFideId "1715011"]
[EventDate "2016.07.08"]

1. Nf3 Nf6 2. g3 g6 3. Bg2 Bg7 4. O-O O-O 5. b3 d5 6. Bb2 c6 7. c4 Bg4 8. d3
Nbd7 9. Nbd2 Re8 10. Ne5 Nxe5 11. Bxe5 Qd7 12. Re1 Bh3 13. Qc2 Qf5 14. Bxf6 Bxf6
15. e4 dxe4 16. dxe4 Qh5 17. Bxh3 Bxa1 18. Kg2 Bg7 19. e5 f5 20. exf6 exf6 21.
Be6+ Kh8 22. b4 Rad8 23. Nf3 Qh6 24. Re4 Bf8 25. c5 Qg7 26. Bb3 Rxe4 27. Qxe4
Qe7 28. Qc4 Bg7 29. h4 Re8 30. Qd3 Qe4 31. Qd7 Qe7 32. Qd3 Qe2 33. Qd7 Qe7 1/2-1/2

[Event "Najdorf Mem Open A 2016"]
[Site "Warsaw POL"]
[Date "2016.07.14"]
[Round "7.35"]
[White "Bartel, Marta"]
[Black "Tania, Sachdev"]
[Result "0-1"]
[WhiteTitle "WGM"]
[BlackTitle "IM"]
[WhiteElo "2260"]
[BlackElo "2398"]
[WhiteFideId "1123009"]
[BlackFideId "5007844"]
[EventDate "2016.07.08"]

1. d4 Nf6 2. c4 e6 3. Nf3 b6 4. Nc3 Bb4 5. Qb3 a5 6. g3 Bb7 7. Bg2 O-O 8. O-O
Bxc3 9. Qxc3 d6 10. b3 Nbd7 11. Bb2 Qc8 12. a3 Be4 13. Bh3 Bb7 14. Nd2 c5 15.
Nf3 Qc7 16. Rad1 Rfe8 17. a4 d5 18. dxc5 Nxc5 19. Ne5 dxc4 20. Nxc4 Bd5 21. Rc1
Rac8 22. Nd2 Qb7 23. Qe3 Nfe4 24. Nxe4 Nxe4 25. f3 Nc5 26. Rc3 Nd7 27. Rfc1 Rc5
28. Qd2 f5 29. Qg5 Rxc3 30. Rxc3 Nc5 31. Qe3 Rc8 32. Qe5 Qc7 33. Qe3 Qd7 34. Kf2
Rc7 35. Bf1 Qc8 36. Kg1 Nd7 37. Kg2 Rxc3 38. Bxc3 Nc5 39. Qe5 Qb7 40. Qd6 Bxb3
41. Bxa5 Nxa4 42. Bb4 h6 43. Kh3 Bc4 44. g4 fxg4+ 45. Kxg4 Qf7 46. Kg3 Kh7 47.
Kf2 Qh5 48. Bg2 Qh4+ 49. Kf1 Bd5 50. Be1 Qc4 51. Qe5 b5 52. Kf2 b4 53. e4 b3 54.
exd5 b2 55. dxe6 b1=Q 56. e7 Qbc2+ 57. Kg3 Qg6+ 58. Kf2 Qc5+ 59. Qxc5 Nxc5 60.
Bh3 Qe8 0-1

[Event "Najdorf Mem Open A 2016"]
[Site "Warsaw POL"]
[Date "2016.07.14"]
[Round "7.36"]
[White "Krysztofiak, Marcin"]
[Black "Winiarski, Mikolaj"]
[Result "1/2-1/2"]
[WhiteTitle "IM"]
[WhiteElo "2384"]
[BlackElo "2209"]
[WhiteFideId "1114751"]
[BlackFideId "1159984"]
[EventDate "2016.07.08"]

1. d4 Nf6 2. Bg5 d5 3. e3 e6 4. c4 h6 5. Bxf6 Qxf6 6. Nc3 dxc4 7. Nf3 a6 8. Bxc4
b5 9. Bd3 Bb7 10. Be4 Bxe4 11. Nxe4 Qg6 12. Qc2 Bb4+ 13. Ke2 Nd7 14. a3 Ba5 15.
Rac1 Bb6 16. Rhd1 O-O 17. Nc5 Qxc2+ 18. Rxc2 Rfd8 19. Nxd7 Rxd7 20. Ne5 Rd6 21.
Nc6 f6 22. a4 bxa4 23. Ra1 Kf7 24. Rxa4 Rd5 25. b4 Ke8 26. Rca2 Rd6 27. b5 Kd7
28. Rxa6 Rxa6 29. Nb8+ Kc8 30. Nxa6 Rd5 31. Rb2 Kb7 32. Nb4 Rxb5 33. Nd3 Rxb2+
34. Nxb2 c5 35. dxc5 1/2-1/2

[Event "Najdorf Mem Open A 2016"]
[Site "Warsaw POL"]
[Date "2016.07.14"]
[Round "7.37"]
[White "Zochowski, Kacper"]
[Black "Abdumalik, Zhansaya"]
[Result "1/2-1/2"]
[BlackTitle "WGM"]
[WhiteElo "2248"]
[BlackElo "2382"]
[WhiteFideId "1125494"]
[BlackFideId "13703544"]
[EventDate "2016.07.08"]

1. e4 e6 2. d4 d5 3. Nc3 Nf6 4. e5 Nfd7 5. Nf3 c5 6. dxc5 Nc6 7. Bf4 Bxc5 8. Bd3
h6 9. Bg3 a6 10. Qe2 b5 11. O-O g5 12. h3 Nf8 13. Qd2 Rg8 14. Kh1 h5 15. h4 gxh4
16. Bxh4 Be7 17. Bxe7 Qxe7 18. Ne2 Nd7 19. Qe3 Qf8 20. Rae1 Bb7 21. Ned4 Qg7 22.
Rg1 Ne7 23. g3 Qg4 24. Rg2 Rc8 25. Rh2 Ng6 26. Bxg6 Qxg6 27. Kg2 Nc5 28. Reh1
Rh8 29. Qg5 Ne4 30. Qxg6 fxg6 31. g4 Ke7 32. gxh5 g5 33. Kf1 Rh6 34. Rg1 Rg8 35.
Ke1 Kf7 36. Nd2 g4 37. Rh4 Rg5 38. Nxe4 dxe4 39. Rhxg4 Rxg4 40. Rxg4 Rxh5 41.
Rf4+ Ke7 42. Rg4 Kf7 43. Rf4+ Ke7 44. Ke2 Bd5 45. Ke3 Rh3+ 46. Kd2 Rh5 47. Ke3
Rh3+ 48. Kd2 Rh5 49. Ne2 Rxe5 50. Nc3 b4 51. Nxd5+ exd5 52. Ke3 Rh5 53. Kd4 a5
54. c4 bxc3 55. bxc3 Kd6 56. c4 dxc4 57. Rxe4 Rh2 58. Rf4 Rh3 59. Kxc4 Ra3 60.
Rd4+ Kc6 61. Rd2 Ra4+ 62. Kb3 Rb4+ 63. Kc3 Ra4 64. Kb2 Rf4 65. Kc1 Kc5 66. Rc2+
Kd4 67. Kd1 Kd3 68. Rd2+ Kc3 69. Rc2+ Kd3 70. Rb2 a4 71. Re2 Rf3 1/2-1/2

[Event "Najdorf Mem Open A 2016"]
[Site "Warsaw POL"]
[Date "2016.07.14"]
[Round "7.38"]
[White "Kowalczyk, Rafal"]
[Black "Lokander, Martin"]
[Result "0-1"]
[BlackTitle "FM"]
[WhiteElo "2204"]
[BlackElo "2359"]
[WhiteFideId "1133853"]
[BlackFideId "1709569"]
[EventDate "2016.07.08"]

1. e4 e6 2. d4 d5 3. exd5 exd5 4. Nf3 Bd6 5. c4 dxc4 6. Bxc4 Nf6 7. O-O O-O 8.
h3 Nc6 9. Nc3 Bf5 10. Re1 h6 11. d5 Ne7 12. Qd4 Bh7 13. g4 c6 14. g5 Nfxd5 15.
Nxd5 Nxd5 16. Bxd5 cxd5 17. gxh6 Qf6 18. hxg7 Qxg7+ 19. Qxg7+ Kxg7 20. Rd1 Rfd8
21. Be3 Bf5 22. h4 f6 23. Rac1 Kf7 24. Kf1 Bg4 25. Ke2 Be5 26. Rd3 Rh8 27. Rxd5
Rxh4 28. Rg1 Bh5 29. Rd7+ Ke6 30. Rd3 Rh3 31. Bd2 Kf5 32. Rc1 Rxf3 33. Rxf3+ Ke4
34. Rc4+ Bd4 35. Be3 Bxf3+ 36. Kd2 Rd8 37. Kc2 Ke5 0-1

[Event "Najdorf Mem Open A 2016"]
[Site "Warsaw POL"]
[Date "2016.07.14"]
[Round "7.39"]
[White "Kanarek, Marcel"]
[Black "Przedmojski, Rafal"]
[Result "1-0"]
[WhiteTitle "IM"]
[WhiteElo "2548"]
[BlackElo "2337"]
[WhiteFideId "1126822"]
[BlackFideId "1102451"]
[EventDate "2016.07.08"]

1. d4 f5 2. e4 fxe4 3. Nc3 Nf6 4. Bg5 Nc6 5. d5 Ne5 6. Qe2 Nf7 7. Bxf6 exf6 8.
Nxe4 Qe7 9. d6 Qe6 10. dxc7 Bb4+ 11. c3 Ba5 12. Nc5 Qxe2+ 13. Bxe2 Bxc7 14. Bf3
Rb8 15. O-O-O b6 16. Nd3 a5 17. Ne2 Ne5 18. Nxe5 Bxe5 19. Nd4 Bb7 20. Rhe1 O-O
21. Bxb7 Rxb7 22. Nb5 Re8 23. g3 Re6 24. f4 Bb8 25. Kc2 Kf7 26. Kb3 h5 27. Ka4
h4 28. Nd4 Rd6 29. Nf5 b5+ 30. Kxa5 Ra7+ 31. Kb4 Rxd1 32. Rxd1 hxg3 33. hxg3
Rxa2 34. Rd2 g6 35. Nd4 g5 36. fxg5 fxg5 37. g4 Bf4 38. Re2 Ra1 39. Rg2 Kf6 40.
Kxb5 Ke5 41. Kc4 Ra8 42. Re2+ Kd6 43. Nf5+ Kc7 44. b4 Ra1 45. Ne7 Rg1 46. Nd5+
Kc8 47. Re8+ Kb7 48. Nf6 Rd1 49. Re4 Rd6 50. Nd5 Rc6+ 51. Kb5 Bd6 52. Re8 Bg3
53. Rg8 Bh4 54. Rg7 Rd6 55. c4 Kc8 56. Nb6+ Kc7 57. c5 Rd4 58. c6 Be1 59. Rxd7+
Rxd7 60. Nxd7 Bxb4 61. Kxb4 Kxc6 62. Nf6 Kd6 63. Kc4 Ke5 64. Nh5 Ke4 65. Kc5 Ke5
66. Kc6 Ke6 67. Kc7 Ke7 68. Kc8 1-0

[Event "Najdorf Mem Open A 2016"]
[Site "Warsaw POL"]
[Date "2016.07.14"]
[Round "7.40"]
[White "Puranik, Abhimanyu"]
[Black "Koksal, Ege"]
[Result "1-0"]
[WhiteTitle "IM"]
[BlackTitle "FM"]
[WhiteElo "2475"]
[BlackElo "2324"]
[WhiteFideId "5061245"]
[BlackFideId "6317626"]
[EventDate "2016.07.08"]

1. e4 e5 2. Nf3 Nc6 3. Bb5 a6 4. Ba4 Nf6 5. O-O Be7 6. Re1 b5 7. Bb3 d6 8. c3
O-O 9. d4 exd4 10. cxd4 Na5 11. Bc2 c5 12. Nbd2 Nd7 13. Nf1 Re8 14. Ng3 g6 15.
Bf4 Bf8 16. b3 Nc6 17. Rc1 Bb7 18. Bb1 Rc8 19. h3 Bg7 20. Be3 cxd4 21. Nxd4 Nxd4
22. Rxc8 Bxc8 23. Bxd4 Be5 24. Qd2 Qf6 25. Rd1 Nc5 26. Be3 Bb7 27. Bg5 Qe6 28.
f4 Bf6 29. Bxf6 Qxf6 30. Qxd6 Qxd6 31. Rxd6 Bxe4 32. Nxe4 Nxe4 33. Rxa6 Nc5 34.
Rc6 Nxb3 35. Bd3 Na5 36. Rc7 Re1+ 37. Kh2 Ra1 38. Bxb5 Rxa2 39. Be8 Rb2 40.
Bxf7+ Kh8 41. Bd5 Rb5 42. Rd7 Rc5 43. g4 Rc8 44. Kg3 Nc4 45. Be6 Nb6 46. Rb7 Rc6
47. Re7 Rd6 48. f5 Nd5 49. Re8+ Kg7 50. g5 h6 51. Rg8+ 1-0

[Event "Najdorf Mem Open A 2016"]
[Site "Warsaw POL"]
[Date "2016.07.14"]
[Round "7.41"]
[White "Warakomska, Anna"]
[Black "Lauber, Arnd"]
[Result "1-0"]
[WhiteTitle "WIM"]
[BlackTitle "IM"]
[WhiteElo "2321"]
[BlackElo "2444"]
[WhiteFideId "1130790"]
[BlackFideId "4632630"]
[EventDate "2016.07.08"]

1. e4 c6 2. d4 d5 3. e5 Bf5 4. Nf3 e6 5. Be2 Nd7 6. O-O h6 7. Nbd2 Ne7 8. Nb3
Qc7 9. a4 g5 10. a5 Bg7 11. c4 dxc4 12. Nbd2 b5 13. axb6 Nxb6 14. Nxc4 Nxc4 15.
Bxc4 O-O 16. Bd2 Nd5 17. Ba5 Qb7 18. Qd2 Nb6 19. Bd3 Bg4 20. Ne1 Qd7 21. Nc2 Nd5
22. Be4 Bf5 23. Rfe1 Bxe4 24. Rxe4 Rfb8 25. Na3 Rb3 26. Nc4 Rab8 27. h4 Nf4 28.
Bc3 Qd5 29. Nd6 f5 30. exf6 Bf8 31. hxg5 hxg5 32. g3 Bxd6 33. Rae1 Kf7 34. gxf4
gxf4 35. Qe2 Rg8+ 36. Kf1 Rg6 37. Qf3 Rb8 38. Qh3 Qb5+ 39. R1e2 Rbg8 40. Qxe6+ 1-0

[Event "Najdorf Mem Open A 2016"]
[Site "Warsaw POL"]
[Date "2016.07.14"]
[Round "7.42"]
[White "Thorarinsson, Pall A."]
[Black "Sieciechowicz, Marcin"]
[Result "0-1"]
[BlackTitle "IM"]
[WhiteElo "2274"]
[BlackElo "2430"]
[WhiteFideId "2300923"]
[BlackFideId "1130170"]
[EventDate "2016.07.08"]

1. Nf3 Nf6 2. c4 g6 3. Nc3 d5 4. cxd5 Nxd5 5. Qa4+ c6 6. Qd4 f6 7. e4 Nc7 8.
Qxd8+ Kxd8 9. d4 b6 10. Be3 Ba6 11. h4 Bxf1 12. Kxf1 Kc8 13. h5 g5 14. Rc1 Kb7
15. Ke2 h6 16. g4 e6 17. Rc2 Nd7 18. Rhc1 Rc8 19. Nb1 Nb8 20. Nbd2 Be7 21. Nc4
Rhf8 22. Ne1 Nb5 23. a4 Nd6 24. Nxd6+ Bxd6 25. Nd3 a5 26. f4 Na6 27. fxg5 fxg5
28. Rf1 Nb4 29. Rcc1 Nxd3 30. Kxd3 e5 31. d5 cxd5 32. exd5 e4+ 33. Kxe4 Rfe8+
34. Kd3 Rxe3+ 35. Kxe3 Rxc1 36. Rxc1 Bf4+ 37. Ke4 Bxc1 38. b3 Kc7 39. Ke5 Kd7
40. Kf6 Kd6 41. Kg6 Kxd5 42. Kxh6 Ke5 0-1

[Event "Najdorf Mem Open A 2016"]
[Site "Warsaw POL"]
[Date "2016.07.14"]
[Round "7.43"]
[White "Harazinska, Ewa"]
[Black "Piscopo, Pierluigi"]
[Result "0-1"]
[WhiteTitle "WFM"]
[BlackTitle "IM"]
[WhiteElo "2279"]
[BlackElo "2429"]
[WhiteFideId "1118374"]
[BlackFideId "809152"]
[EventDate "2016.07.08"]

1. d4 Nf6 2. c4 g6 3. Nc3 Bg7 4. e4 O-O 5. Be2 d6 6. Bg5 c5 7. e5 cxd4 8. exf6
exf6 9. Bd2 dxc3 10. Bxc3 Nc6 11. Nf3 Be6 12. O-O Rc8 13. Qd2 Ne5 14. b3 d5 15.
c5 Re8 16. b4 b6 17. cxb6 Qxb6 18. Rac1 Bg4 19. Bd4 Qb8 20. Rxc8 Rxc8 21. Nxe5
Bxe2 22. Nd7 Qb5 23. Re1 Qxd7 24. Qxe2 f5 25. Bc5 Bc3 26. Rd1 a5 27. a3 Qa4 28.
h3 Re8 29. Qf3 Qxa3 30. Qxd5 axb4 31. Qd7 Qa8 32. Qb5 Qb8 33. Qc4 Qc7 34. Qd5 h5
35. Bd6 Qb6 36. Bc5 Qb5 37. Qd6 Qe2 38. Rc1 Qe1+ 39. Rxe1 Rxe1+ 40. Kh2 Be5+ 41.
Qxe5 Rxe5 42. Bxb4 f4 43. Bd6 Re4 44. Bc7 Kf8 45. Bd6+ Ke8 46. Bc7 Kd7 47. Bb6
Kc6 48. Ba7 Kd5 49. Bb6 Rb4 50. Ba7 Ke4 51. f3+ Kd3 52. Bc5 Ra4 53. Bd6 Ke2 54.
Kg1 Ra1+ 55. Kh2 Kf1 0-1

[Event "Najdorf Mem Open A 2016"]
[Site "Warsaw POL"]
[Date "2016.07.14"]
[Round "7.44"]
[White "Lindgren, Philip"]
[Black "De Marchi, Olivier"]
[Result "1/2-1/2"]
[WhiteTitle "IM"]
[BlackTitle "FM"]
[WhiteElo "2411"]
[BlackElo "2286"]
[WhiteFideId "1713230"]
[BlackFideId "613517"]
[EventDate "2016.07.08"]

1. d4 Nf6 2. c4 g6 3. Nf3 Bg7 4. Nc3 O-O 5. e4 d6 6. Be2 e5 7. O-O Nc6 8. d5 Ne7
9. b4 Nh5 10. Re1 a5 11. bxa5 Rxa5 12. Nd2 Nf4 13. Bf1 b6 14. a4 Ra8 15. Nb5 Bd7
16. Bb2 f5 17. Ra3 fxe4 18. Nxe4 Kh8 19. g3 Nh5 20. Bg2 Ng8 21. Qa1 Ngf6 22. Ng5
Ng4 23. f4 Nxf4 24. gxf4 Rxf4 25. Ne6 Bxe6 26. dxe6 Qh4 27. h3 Qf2+ 28. Kh1 Bh6
29. Nxc7 Rxa4 30. e7 Rxa3 31. e8=Q+ Bf8 32. Bxa3 Qg3 33. hxg4 Qh4+ 34. Kg1 Qf2+
35. Kh2 Qh4+ 36. Kg1 Qf2+ 37. Kh1 Qh4+ 38. Kg1 1/2-1/2

[Event "Najdorf Mem Open A 2016"]
[Site "Warsaw POL"]
[Date "2016.07.14"]
[Round "7.45"]
[White "Arat, Ufuk Sezen"]
[Black "Hacker, Jonas"]
[Result "0-1"]
[WhiteTitle "IM"]
[BlackTitle "FM"]
[WhiteElo "2402"]
[BlackElo "2275"]
[WhiteFideId "6309089"]
[BlackFideId "1270968"]
[EventDate "2016.07.08"]

1. e4 c5 2. Nc3 Nc6 3. g3 g6 4. Bg2 Bg7 5. d3 d6 6. Be3 Nf6 7. h3 O-O 8. f4 e5
9. Nge2 Nd4 10. O-O Nxe2+ 11. Nxe2 exf4 12. Nxf4 Re8 13. g4 h6 14. c3 b6 15. Qd2
Bb7 16. c4 b5 17. b3 Qe7 18. Rae1 b4 19. Ne2 Kh7 20. g5 hxg5 21. Bxg5 Qe5 22.
Rf2 Kg8 23. Ref1 Nh7 24. Bh4 Rf8 25. Bg3 Qe7 26. d4 Rad8 27. Qe3 a5 28. Kh2 cxd4
29. Nxd4 d5 30. cxd5 Bxd5 31. Re2 Bb7 32. e5 Bxg2 33. Kxg2 Rd5 34. Qe4 Qd7 35.
Nf3 Qe6 36. h4 Rfd8 37. Rh1 Rd1 38. Rxd1 Rxd1 39. Qa8+ Bf8 40. Qxa5 Nf6 41. Qb5
Nd5 42. Qc4 Bh6 43. Qe4 Nc3 44. Qa8+ Bf8 45. Rf2 Nd5 46. Rd2 Ne3+ 47. Kf2 Ng4+
48. Ke2 Rxd2+ 49. Kxd2 Qd7+ 50. Ke2 Qb5+ 51. Ke1 Qd3 52. Bf4 Qb1+ 53. Ke2 Qh1
54. Kd3 Qf1+ 55. Kc2 Nf2 56. Qd5 Qe2+ 57. Nd2 Qa6 58. Kb1 Nd1 59. Ne4 Qf1 60.
Bc1 Qe1 61. Kc2 Qe2+ 62. Qd2 Qxe4+ 63. Kxd1 Qxh4 64. Qf4 Qh1+ 65. Kc2 Qc6+ 66.
Qc4 Qf3 67. Qd3 Qc6+ 68. Kb1 Qb6 69. Be3 Qc6 70. Bd2 Qh1+ 71. Kb2 Qh2 72. Qd4
Bh6 73. Kc2 Qxd2+ 74. Qxd2 Bxd2 75. Kxd2 g5 76. Ke3 Kg7 77. Kf3 Kh6 78. Kg3 Kh5
79. Kh3 g4+ 80. Kg3 Kg5 81. Kg2 Kf4 0-1